| 000 | 00736nam a22002657a 4500 | ||
|---|---|---|---|
| 003 | 0 | ||
| 005 | 20180804105551.0 | ||
| 008 | 0 | ||
| 010 | _aB-058835 | ||
| 020 |
_c675.00 _a8170003296 |
||
| 035 | _aB-058835, B-058837 | ||
| 037 | _bCen Lib/Ret | ||
| 040 |
_aDPL _bEN _c0 |
||
| 082 |
_a025.2 _bPAD |
||
| 100 |
_aPadmajam, C. K. _936471 |
||
| 245 |
_aEssentials of automated acquisition / _cBy C. K. Padmajam |
||
| 246 | _b | ||
| 260 |
_bEss Ess Publications _c2002 _aNew Delhi |
||
| 270 |
_bNew Delhi _a4837/24, Ansari Road, Darya Ganj _e110002 |
||
| 300 |
_a330p. _c22cm(Hb) |
||
| 500 | _aIncludes index | ||
| 650 |
_aLibrary science _936472 |
||
| 650 |
_aAutomation _91132 |
||
| 942 |
_2ddc _cEN _h025.2 _mPAD |
||
| 999 |
_c132999 _d132999 |
||